000 00269nam a22001217a 4500
008 230626b xxu||||| |||| 00| 0 eng d
082 _a331.09
_bILO
100 _cC.S ilomo
245 _aMisingi ya Ufanisi wa Kazi
260 _c1977
300 _a326p
942 _2ddc
_cBK
999 _c2611
_d2611